Intravenous medications : (Record no. 18530)
[ view plain ]
| 000 -LEADER | |
|---|---|
| fixed length control field | 01228nam a22003378a 4500 |
| 001 - CONTROL NUMBER | |
| control field | 016081857 |
| 003 - CONTROL NUMBER IDENTIFIER | |
| control field | OSt |
| 005 - DATE AND TIME OF LATEST TRANSACTION | |
| control field | 20141102123851.0 |
| 008 - FIXED-LENGTH DATA ELEMENTS--GENERAL INFORMATION | |
| fixed length control field | 120501t2013 xxua frf 001 0 eng d |
| 020 ## - INTERNATIONAL STANDARD BOOK NUMBER | |
| International Standard Book Number | 9780323084819 (pbk.) |
| 020 ## - INTERNATIONAL STANDARD BOOK NUMBER | |
| International Standard Book Number | 0323084818 (pbk.) |
| 040 ## - CATALOGING SOURCE | |
| Original cataloging agency | StDuBDS |
| Language of cataloging | eng |
| Transcribing agency | StDuBDS |
| Modifying agency | EG-ScBUE |
| 082 00 - DEWEY DECIMAL CLASSIFICATION NUMBER | |
| Classification number | 615.855 |
| Edition number | 22 |
| Item number | GAH |
| 100 1# - MAIN ENTRY--PERSONAL NAME | |
| Personal name | Gahart, Betty L. |
| 9 (RLIN) | 36397 |
| 245 10 - TITLE STATEMENT | |
| Title | Intravenous medications : |
| Remainder of title | a handbook for nurses and health professionals / |
| Statement of responsibility, etc | Betty L. Gahart, Adrienne R. Nazareno. |
| 246 3# - VARYING FORM OF TITLE | |
| Title proper/short title | Twenty thirteen intravenous medications |
| 246 3# - VARYING FORM OF TITLE | |
| Title proper/short title | Two thousand and thirteen intravenous medications |
| 246 34 - VARYING FORM OF TITLE | |
| Title proper/short title | 2013 intravenous medications |
| 250 ## - EDITION STATEMENT | |
| Edition statement | 29th ed. |
| 260 ## - PUBLICATION, DISTRIBUTION, ETC. (IMPRINT) | |
| Place of publication, distribution, etc | St. Louis, United States : |
| Name of publisher, distributor, etc | Elsevier Mosby, |
| Date of publication, distribution, etc | c.2013. |
| 300 ## - PHYSICAL DESCRIPTION | |
| Extent | xxv, 1252 p. : |
| Other physical details | tables ; |
| Dimensions | 23 cm. |
| 500 ## - GENERAL NOTE | |
| General note | Index : p. 1229-1252. |
| 500 ## - GENERAL NOTE | |
| General note | Includes appendixes. |
| 500 ## - GENERAL NOTE | |
| General note | The #1 IV drug reference for nearly 40 years. |
| 650 #0 - SUBJECT ADDED ENTRY--TOPICAL TERM | |
| Topical term or geographic name as entry element | Intravenous therapy |
| 9 (RLIN) | 27234 |
| Form subdivision | Handbooks, manuals, etc. |
| 650 #0 - SUBJECT ADDED ENTRY--TOPICAL TERM | |
| Topical term or geographic name as entry element | Pharmacopoeias |
| 9 (RLIN) | 36399 |
| Form subdivision | Handbooks, manuals, etc. |
| 653 ## - INDEX TERM--UNCONTROLLED | |
| Resource For college | Nursing |
| Arrived date list | November2014 |
| 655 ## - INDEX TERM--GENRE/FORM | |
| Form subdivision | |
| -- | 34232 |
| 700 1# - ADDED ENTRY--PERSONAL NAME | |
| Personal name | Nazareno, Adrienne R. |
| 9 (RLIN) | 36398 |
| 942 ## - ADDED ENTRY ELEMENTS (KOHA) | |
| Source of classification or shelving scheme | Dewey Decimal Classification |
| Call number prefix | 615.855 GAH |
| Withdrawn status | Item status | Source of classification or shelving scheme | Damaged status | Not for loan | Vendor | Home library | Current library | Shelving location | Date acquired | Source of acquisition | Cost, normal purchase price | Serial Enumeration / chronology | Total Checkouts | Full call number | Barcode | Date last seen | Cost, replacement price | Koha item type |
|---|---|---|---|---|---|---|---|---|---|---|---|---|---|---|---|---|---|---|
| Dewey Decimal Classification | Baccah | Central Library | Central Library | Ground Floor | 02/11/2014 | 249.00 | 20526 | 615.855 GAH | 000036898 | 15/07/2025 | 311.25 | Reference (NB) |